| 000 | 00898nam a2200277 i 4500 | ||
|---|---|---|---|
| 001 | 317621 | ||
| 003 | OSt | ||
| 005 | 20210206115303.0 | ||
| 008 | 750407s1975 njua b 001 0 eng | ||
| 010 | _a 74029418 | ||
| 020 | _a0137095929 | ||
| 020 | _a8120301625 | ||
| 040 |
_aDLC _cDLC _dDLC _dPHNSL |
||
| 050 | 0 | 0 |
_aHD20.5 _b.W34 1975 |
| 082 | 0 | 0 | _a001.4/24 |
| 100 | 1 | _aWagner, Harvey M. | |
| 245 | 1 | 0 |
_aPrinciples of operations research : _bwith applications to managerial decisions / _cHarvey M. Wagner. |
| 250 | _a2nd ed. | ||
| 260 |
_aEnglewood Cliffs, N.J., New Delhi, India : _bPrentice-Hall, _c2003. |
||
| 300 |
_axii, 1039 p. : _bill. ; _c25 cm. |
||
| 500 | _aIncludes indexes. | ||
| 504 | _aBibliography: p. 998-1026. | ||
| 650 | 0 |
_aOperations research. _vResearch managerial aspect _xResearch decisions aspect |
|
| 906 |
_a7 _bcbc _corignew _d2 _eocip _f19 _gy-gencatlg |
||
| 942 |
_2lcc _cBK |
||
| 999 |
_c86 _d86 |
||